Identidad religiosa latinoamericana : el sustrato católico /

Este artículo presenta el problema de la identidad religiosa latinoamericana de sustrato católico o esencialismo de la identidad. Para ello, realiza un recorrido sobre qué es la identidad latinoamericana en el pensamiento del sociólogo chileno Jorge Larraín, para luego referirse al sustrato católico...

Descripción completa

Detalles Bibliográficos
Autor principal: Vergara, Fernando
Formato: Analitica de revista
Lenguaje:español
Publicado: Talca, Chile Universidad Católica del Maule 2011

MARC

LEADER 00000cab a2200000 a 4500
001 049007
003 UAHC_CL
005 20170803125407.0
008 070630b cl j 000 1 spa
040 |a UAHC_CL  |c UAHC_CL  |d UAHC_CL 
100 1 |a Vergara, Fernando 
245 1 0 |a Identidad religiosa latinoamericana :  |b el sustrato católico /  |c Fernando Vergara. 
260 |a Talca, Chile  |b Universidad Católica del Maule  |c 2011 
300 |a pp. 97-112 
500 |a En : UC MAULE. n¼ 31, dic 2005, pp. 97-112. ISSN: 07172656 
500 |a En : UC MAULE. nº 31, dic 2005, pp. 97-112. ISSN: 07172656 
520 |a Este artículo presenta el problema de la identidad religiosa latinoamericana de sustrato católico o esencialismo de la identidad. Para ello, realiza un recorrido sobre qué es la identidad latinoamericana en el pensamiento del sociólogo chileno Jorge Larraín, para luego referirse al sustrato católico en el Documento de Puebla, su desafío evangelizador. 
520 |a Este artículo presenta el problema de la identidad religiosa latinoamericana de sustrato católico o esencialismo de la identidad. Para ello, realiza un recorrido sobre qué es la identidad latinoamericana en el pensamiento del sociólogo chileno Jorge Larraín, para luego referirse al sustrato católico en el Documento de Puebla, su desafío evangelizador. 
759 |a PP179 
773 0 |t Ultima década.  |w 049085 
900 |a UC MAULE-40/11 
942 |c REVA 
952 |0 0  |1 0  |4 0  |6 UC_MAULE40_11_000000000000000  |7 0  |8 General  |9 87735  |a BC  |b BC  |c General  |d 2017-08-03  |l 0  |o UC MAULE-40/11  |p FICTICIO8066  |r 2019-01-08 00:00:00  |t 1  |w 2017-08-03  |y REVA 
999 |c 49007  |d 49007